00889nam a2200217I 450000100060000000300080000600500170001400800410003103500170007203500190008904000320010804100080014008200250014810000370017324503060021026000580051630000280057450400280060265000250063070000160065576588BD-RjUL20211209082849.0191223s1956 ohua 000 0 eng  aGLIS00566968 a(BD-RjUL)76812 aDLCcSOIdRCDdBD-RjULbeng aeng 223a620.16bQUE 19561 aQueneau, Bernard Russell,d1912-14aThe embrittlement of metals :ba series of four educational lectures on the embrittlement of metals presented to members of the American Society for Metals at the thirty-seventh National Metal Congress and Exposition, Philadelphia, October 15 to 21, 1955.cby B.R. Queneau ; Bibliography by G.A. Ratz. aCleveland, Ohio:bAmerican Society for Metals,c1956. a90 p.:billus.;c24 cm. aBibliography: p. 74-86. 0aMetalsxBrittleness. aRatz, G.A.